| 000 | 00490nam a2200145Ia 4500 | ||
|---|---|---|---|
| 008 | 230917s9999||||xx |||||||||||||| ||und|| | ||
| 040 |
_e186674 _aMAIN |
||
| 041 | _aEnglish | ||
| 082 | _a338.13 I2R | ||
| 100 | _aIndia, Cmmission for Agricultural Costs and Prices | ||
| 245 | 0 | _aReports of Agricultural Prices Commission on price policy for crops sown in 1983-84 season | |
| 260 |
_aNew Delhi _bIndia, Minsirty of Agriculture and Rural Development _c1985 |
||
| 300 | _a206 p. | ||
| 942 | _cBK | ||
| 999 |
_c62498 _d62498 |
||